भारत का भरोसा द्रविड़ / (Record no. 120129)
[ view plain ]
| 000 -LEADER | |
|---|---|
| fixed length control field | 01180nam a22002897a 4500 |
| 003 - CONTROL NUMBER IDENTIFIER | |
| control field | dpl |
| 005 - DATE AND TIME OF LATEST TRANSACTION | |
| control field | 20190301150205.0 |
| 008 - FIXED-LENGTH DATA ELEMENTS--GENERAL INFORMATION | |
| fixed length control field | 181210b ||||| |||| 00| 0 eng d |
| 010 ## - LIBRARY OF CONGRESS CONTROL NUMBER | |
| LC control number | B-152950 |
| 020 ## - INTERNATIONAL STANDARD BOOK NUMBER | |
| Terms of availability | 200.00 |
| International Standard Book Number | 8173155119 |
| 035 ## - SYSTEM CONTROL NUMBER | |
| System control number | B-152950, B-152966 |
| 035 ## - SYSTEM CONTROL NUMBER | |
| System control number | B-152964 |
| 037 ## - SOURCE OF ACQUISITION | |
| Source of stock number/acquisition | Cen Lib/Ret |
| 040 ## - CATALOGING SOURCE | |
| Original cataloging agency | DPL |
| Language of cataloging | HN |
| Transcribing agency | dpl |
| 082 ## - DEWEY DECIMAL CLASSIFICATION NUMBER | |
| Classification number | 796.358092 |
| Item number | जयशं |
| 100 ## - MAIN ENTRY--PERSONAL NAME | |
| Personal name | जयशंकर, वेदम |
| 9 (RLIN) | 88670 |
| 245 ## - TITLE STATEMENT | |
| Title | भारत का भरोसा द्रविड़ / |
| Statement of responsibility, etc | वेदम जयशंकर |
| 246 ## - VARYING FORM OF TITLE | |
| Title proper/short title | Bharat ka bharosa dravid / |
| Remainder of title | by Vedam Jayshankar |
| 260 ## - PUBLICATION, DISTRIBUTION, ETC. (IMPRINT) | |
| Name of publisher, distributor, etc | प्रभात प्रकाशन |
| Place of publication, distribution, etc | नयी दिल्ली |
| Date of publication, distribution, etc | 2004 |
| 270 ## - ADDRESS | |
| Address | 4/19, असफ अली रोड, दरियागंज |
| City | नयी दिल्ली |
| Postal code | 110002 |
| 300 ## - PHYSICAL DESCRIPTION | |
| Extent | 192पृ. |
| Dimensions | 20सेमी (सजिल्द) |
| 650 ## - SUBJECT ADDED ENTRY--TOPICAL TERM | |
| Topical term or geographic name as entry element | क्रिकेट--भारत |
| 9 (RLIN) | 147 |
| 650 ## - SUBJECT ADDED ENTRY--TOPICAL TERM | |
| Topical term or geographic name as entry element | क्रिकेट--भारत--जीवनी |
| 9 (RLIN) | 88671 |
| 650 ## - SUBJECT ADDED ENTRY--TOPICAL TERM | |
| Topical term or geographic name as entry element | Cricket - India |
| 9 (RLIN) | 88672 |
| 650 ## - SUBJECT ADDED ENTRY--TOPICAL TERM | |
| Topical term or geographic name as entry element | Cricket - India - Biography |
| 9 (RLIN) | 29239 |
| 942 ## - ADDED ENTRY ELEMENTS (KOHA) | |
| Source of classification or shelving scheme | Dewey Decimal Classification |
| Koha item type | Hindi Books |
| Classification part | 796.358092 |
| Call number suffix | जयशं |
| Withdrawn status | Lost status | Damaged status | Not for loan | Home library | Current library | Date acquired | Source of acquisition | Cost, normal purchase price | Total Checkouts | Full call number | Barcode | Date last seen | Copy number | Cost, replacement price | Price effective from | Koha item type | Source of classification or shelving scheme | Collection code |
|---|---|---|---|---|---|---|---|---|---|---|---|---|---|---|---|---|---|---|
| Central Library | Central Library | 21/09/2015 | Cen Lib/Ref | 200.00 | 796.358092 जयशं | B-152950 | 21/09/2015 | 1 | 200.00 | 21/09/2015 | Hindi Books | |||||||
| Qila Rai Pithora | Qila Rai Pithora | 10/12/2018 | प्रभात प्रकाशन | 200.00 | 796.358092 जयशं | B-152964 | 10/12/2018 | 200.00 | 10/12/2018 | Hindi Books | Dewey Decimal Classification | Non-fiction | ||||||
| Shahdara Branch | Shahdara Branch | 01/03/2019 | BPPD/PUB | 200.00 | 796.358092 जयशं | B-152966 | 01/03/2019 | 200.00 | 01/03/2019 | Hindi Books | Dewey Decimal Classification | Non-fiction |
